000 01353nam a2200301 c 4500
003 BLK
005 20180422115601.0
008 180411b bul|||||r ||||||| ||bul||
010 _aKNG00197281000
040 _aBLK
041 _aBUL
_cBUL
080 _aРуска литература
_b821.161.1
_x(081.1)
_z821.161.1(081.1)
080 _aРуска литература
_b821.161.1
_x-31
_z821.161.1-31
100 1 _aТолстой, Лев Николаевич
_eпърви автор
_9367573
700 1 _aЖечев, Георги
_eпрев. от рус. на том
_gТекелиев, Георги Жечев
_9367732
139 _aТолстой, Лев Николаевич
_bТ 67
245 1 0 _aСъбрани съчинения в 14 тома
_b За том: Роман в 8 части : Ч. 5 - 8
_cЛев Николаевич Толстой; прев. от рус. на том Георги Жечев.
_nТ. 9
_pАна Каренина
257 _aSUN
260 София
_bНар. култура
_c1956 -
300 _c20 см
380 _aX
760 1 _aТолстой, Лев Николаевич
_d1956
_h476 с., 1 л. : портр.
_tТ. 9 Ана Каренина
852 _aЦб 3022
856 4 _qpdf
_u
856 4 _qpdf
_u
942 _cKNG
_n0
944 _aCR
_c02.12.2016
_kПравда_Бадева
944 _aED
_c02.12.2016
_kПравда_Бадева
999 _c188263
_d188263